000
00253nam a2200109Ia 4500
008
230724s1957 xx und d
041
_a
eng
100
_a
RAND AYN
245
_a
ATLAS STRUGGED
260
_b
PENGIN GROUP NEW YORK
_c
1957
300
_a
1079
999
_c
1175168
_d
1175168